Svetový trh vybraných gumárenských komodít v období globalizácie a postavenie slovenských podnikateľských subjektov dizertačná práca

Gespeichert in:
Bibliographische Detailangaben
1. Verfasser: Kalina, Dalibor
Körperschaft: Ekonomická univerzita v Bratislave. Obchodná fakulta
Weitere Verfasser: Baláž, Peter
Format: Buch
Sprache:Slowakisch
Veröffentlicht: Bratislava 2000
Schlagworte:
Tags: Tag hinzufügen
Keine Tags, Fügen Sie das erste Tag hinzu!

MARC

LEADER 00000nbm a2200000 4500
001 0178953
005 20221207102812.1
041 0 |a slo 
044 |a SK 
245 1 0 |a Svetový trh vybraných gumárenských komodít v období globalizácie a postavenie slovenských podnikateľských subjektov  |b dizertačná práca  |c Dalibor Kalina ; školiteľ: Peter Baláž 
264 1 |a Bratislava  |c 2000 
300 |a 115 s. 
610 2 0 |a trh svetový 
610 2 0 |a priemysel gumársky 
610 2 0 |a globalizácia hospodárstva 
610 2 0 |a podnikanie 
100 1 |a Kalina, Dalibor 
700 1 |a Baláž, Peter 
710 2 |a Ekonomická univerzita v Bratislave. Obchodná fakulta